An introduction to international law / (Record no. 38078)
[ view plain ]
| 000 -LEADER | |
|---|---|
| fixed length control field | 00739nam a2200253 a 4500 |
| 001 - CONTROL NUMBER | |
| control field | 38078 |
| 003 - CONTROL NUMBER IDENTIFIER | |
| rucl marc code | BD-RjUL |
| 005 - DATE AND TIME OF LATEST TRANSACTION | |
| control field | 20211209052722.0 |
| 008 - FIXED-LENGTH DATA ELEMENTS--GENERAL INFORMATION | |
| fixed length control field | 150906s1967 enk b 000 0 eng |
| 035 ## - SYSTEM CONTROL NUMBER | |
| System control number | (BD-RjUL)38183 |
| 040 ## - CATALOGING SOURCE | |
| Original cataloging agency | DLC |
| Transcribing agency | DLC |
| Modifying agency | DLC |
| -- | BD-RjUL |
| Language of cataloging | eng |
| 041 ## - LANGUAGE CODE | |
| Language code of text/sound track or separate title | eng |
| 082 00 - DEWEY DECIMAL CLASSIFICATION NUMBER | |
| Classification number | 341 |
| Author mark and year | STI 1967 |
| 100 1# - MAIN ENTRY--PERSONAL NAME | |
| Personal name | Starke, J. G. |
| Fuller form of name | (Joseph Gabriel), |
| Dates associated with a name | 1911-2006. |
| 9 (RLIN) | 117884 |
| 245 13 - TITLE STATEMENT | |
| Title | An introduction to international law / |
| Statement of responsibility, etc. | by J. G. Starke. |
| 250 ## - EDITION STATEMENT | |
| Edition statement | 6th ed. |
| 260 ## - PUBLICATION, DISTRIBUTION, ETC. (IMPRINT) | |
| Place of publication, distribution, etc. | London, |
| Name of publisher, distributor, etc. | Butterworths, |
| Date of publication, distribution, etc. | 1967. |
| 300 ## - PHYSICAL DESCRIPTION | |
| Pagination | xxvi, 552, 34 p. |
| Size | 22 cm. |
| 504 ## - BIBLIOGRAPHY, ETC. NOTE | |
| Bibliography, etc | Includes bibliography and index. |
| 650 #0 - SUBJECT ADDED ENTRY--TOPICAL TERM | |
| Topical term or geographic name as entry element | International law. |
| 9 (RLIN) | 117885 |
| 942 ## - ADDED ENTRY ELEMENTS (KOHA) | |
| Source of classification or shelving scheme | Dewey Decimal Classification |
| Koha item type | Books |
| Lost status | Source of classification or shelving scheme | Damaged status | Not for loan | Collection code | Permanent Location | Current Location | Shelving location | Date acquired | Source of acquisition | Total Checkouts | Full call number | Date last seen | Date checked out | Copy number | Koha item type | Cost, normal purchase price |
|---|---|---|---|---|---|---|---|---|---|---|---|---|---|---|---|---|
| Dewey Decimal Classification | Non-fiction | Central Library, University of Rajshahi | Central Library, University of Rajshahi | 07/07/1970 | Sweets & Zaitlinger | 1 | 341 STI 1967 | 26/01/2016 | 12/01/2016 | C-2 | Books | |||||
| Dewey Decimal Classification | Non-fiction | Central Library, University of Rajshahi | Central Library, University of Rajshahi | 07/07/1970 | Sweet Zeithlinger | 1 | 341 STI 1967 | 16/03/2016 | 07/11/2015 | C-3 | Books | 37.60 | ||||
| Dewey Decimal Classification | Non-fiction | Central Library, University of Rajshahi | Central Library, University of Rajshahi | 07/07/1970 | Swits & Zillinger | 1 | 341 STI 1967 | 20/03/2017 | 04/03/2017 | C-4 | Books | 37.60 | ||||
| Dewey Decimal Classification | Non-fiction | Central Library, University of Rajshahi | Central Library, University of Rajshahi | 07/07/1970 | Sweets & Zuitlinger | 1 | 341 STI 1967 | 16/02/2017 | 29/01/2017 | C-5 | Books | 37.06 | ||||
| Dewey Decimal Classification | Non-fiction | Central Library, University of Rajshahi | Central Library, University of Rajshahi | 07/07/1970 | Sweets & Zuitlinger | 1 | 341 STI 1967 | 10/03/2017 | 02/03/2017 | C-6 | Books | 37.06 | ||||
| Dewey Decimal Classification | Fiction | Central Library, University of Rajshahi | Central Library, University of Rajshahi | 07/07/1970 | Sweets & Zuitlinger | 341 STI 1967 | 30/07/2016 | C-7 | Books | 37.60 | ||||||
| Dewey Decimal Classification | Non-fiction | Central Library, University of Rajshahi | Central Library, University of Rajshahi | 07/07/1970 | Sweets & Zuitlinger | 1 | 341 STI 1967 | 07/05/2017 | 20/04/2017 | C-8 | Books | 37.60 | ||||
| Dewey Decimal Classification | Not For Loan | Non-fiction | Central Library, University of Rajshahi | Central Library, University of Rajshahi | Reading Room | 07/07/1970 | Swets & Zeitlinger | 341 STI 1967 | 24/10/2022 | C-1 | Books | 37.60 |